[Event "HUN-chT 2018-19"]
[Site "Szombathely"]
[Date "2018.11.18"]
[Round "2"]
[White "Varga, Zoltan"]
[Black "Antal, Gergely"]
[Result "1/2-1/2"]
[WhiteElo "2444"]
[BlackElo "2546"]
[Annotator "TA"]
[PlyCount "63"]
[EventDate "2018.11.16"]
[EventType "team-tourn"]
[EventCountry "HUN"]
[SourceTitle "playchess.com"]
[Source "ChessBase"]
[SourceQuality "1"]

{[%evp 22,63,-22,-35,-27,-34,-40,-45,-18,-35,-35,-37,-34,-37,-39,-20,-11,0,25,22,32,41,50,44,47,57,69,71,60,0,16,0,0,0,0,0,0,0,0,0,0,0,0,-9]} 1. e4 c6 2. c4 d5 3. cxd5 cxd5 4. exd5 Nf6 5. Bb5+ Nbd7 6. Nc3 a6 7. Be2 b5 {B10: Caro-Kann: 2 d3 and 2 c4} 8. Nf3 (8. d4 b4 9. Na4 Bb7 10. Nf3 Bxd5 11. Bf4 e6 12. Rc1 Be7 13. O-O O-O 14. b3 Ra7 15. Ne5 {½-½ (31) Ponomariov,R (2733)-Gelfand,B (2741) Medias 2010}) 8... b4 9. Na4 Nxd5 10. d4 e6 11. O-O Be7 12. Bd2 {LiveBook: 3 Games} O-O 13. Rc1 Bb7 14. Qb3 Qb8 15. Nc5 $146 ({Predecessor:} 15. Rfe1) 15... Nxc5 16. dxc5 Rc8 17. Bxb4 Nf4 18. Rfe1 Nxe2+ 19. Rxe2 Bxf3 20. gxf3 Qf4 21. Rc4 Qf5 22. Kg2 h5 ({Avoid the trap} 22... Bxc5 $2 23. Rec2 $18) 23. Qc2 {[#] And now Qxf5 would win.} Qg5+ 24. Kf1 a5 25. Bc3 ({White should try} 25. Ba3 $14) 25... Qd5 {The position is equal.} 26. Qe4 Bxc5 27. Qe5 (27. a4 {looks sharper.} Qxe4 28. Rexe4 Bb6 29. Rxc8+ Rxc8 30. Re5) 27... Qxe5 28. Rxe5 Bb4 $1 29. Rxc8+ Rxc8 30. Bxb4 axb4 31. Rxh5 b3 32. Ra5 {Accuracy: White = 62%, Black = 68%.} 1/2-1/2

[Event "HUN-chT 2018-19"]
[Site "Szombathely"]
[Date "2018.11.18"]
[Round "2"]
[White "Groszpeter, Attila"]
[Black "Farago, Ivan"]
[Result "1/2-1/2"]
[WhiteElo "2437"]
[BlackElo "2354"]
[Annotator "TA"]
[PlyCount "35"]
[EventDate "2018.11.16"]
[EventType "team-tourn"]
[EventCountry "HUN"]
[SourceTitle "playchess.com"]
[Source "ChessBase"]
[SourceQuality "1"]

{[%evp 31,35,21,26,39,66,20]} 1. e4 e6 2. d4 d5 3. Nc3 Bb4 4. e5 c5 5. a3 Bxc3+ 6. bxc3 Ne7 7. Qg4 O-O 8. Bd3 f5 9. exf6 Rxf6 10. Bg5 Rf7 11. Qh5 g6 12. Qd1 Qa5 {C18: French: 3 Nc3 Bb4: Main line: 7 h4 and 7 Qg4} 13. Bd2 Nd7 {[%cal Bb8d7,Bd7f6,Bf6e4][%mdl 32]} 14. Nf3 Nc6 15. h4 {[%cal Bh2h4,Bh4h5][%mdl 32]} c4 16. Be2 Nf6 {LiveBook: 3 Games} 17. h5 Ne4 {[#]} 18. Rh4 $146 ({Predecessor:} 18. hxg6 hxg6 19. Rh4 Rh7 20. Rxh7 Kxh7 {½-½ (55) Shankland,S (2652)-Timman,J (2593) Wijk aan Zee 2015}) 1/2-1/2

[Event "HUN-chT 2018-19"]
[Site "Szombathely"]
[Date "2018.11.18"]
[Round "2"]
[White "Toth, Ervin"]
[Black "Petenyi, Tamas"]
[Result "1/2-1/2"]
[WhiteElo "2426"]
[BlackElo "2428"]
[Annotator "TA"]
[PlyCount "85"]
[EventDate "2018.11.16"]
[EventType "team-tourn"]
[EventCountry "HUN"]
[SourceTitle "playchess.com"]
[Source "ChessBase"]
[SourceQuality "1"]

{[%evp 17,85,59,79,70,63,75,64,73,83,25,68,58,84,63,90,64,75,75,132,124,133,92,104,52,60,61,60,45,55,40,55,40,56,31,62,31,68,68,70,34,68,41,60,43,62,33,42,21,93,93,72,48,48,11,84,0,33,0,192,200,120,67,143,72,236,205,213,206,206,168]} 1. d4 Nf6 2. c4 g6 3. Nc3 Bg7 4. e4 d6 5. Nf3 O-O 6. Be2 c6 7. O-O Bg4 8. Be3 Nbd7 9. Qc2 Qc7 {LiveBook: 3 Games. E91: King's Indian: Classical: 6 Be2, unusual replies including 6...c5 and 6...Bg4} 10. Rac1 (10. h3 Bxf3 11. Bxf3 e5 12. Rad1 Rfe8 13. Rfe1 h6 14. b4 a5 15. b5 Bf8 16. Rb1 c5 17. Nd5 Nxd5 18. cxd5 exd4 19. Bxd4 {½-½ (70) Lipp,A (2113)-Wetscherek,G (2137) Austria 2016}) 10... a6 11. h3 $146 ({Predecessor:} 11. Rfd1 Rac8 12. h3 Bxf3 13. Bxf3 e5 14. Be2 exd4 15. Rxd4 {½-½ (52) Alvarez Gonzalez,E (1869)-Sanchez Tapia,L (1609) Parla 2010}) 11... Bxf3 {White is better.} 12. Bxf3 e6 13. Qb3 (13. b3 $16) 13... Rfe8 14. Rfd1 Rad8 15. Be2 Qb8 16. a4 {[%cal Ba2a4,Ba4a5][%mdl 32]} e5 17. d5 $1 c5 (17... Nc5 $142 18. Qc2 a5) 18. a5 h5 19. Qa3 Kh7 20. Rd3 (20. g4 $16) 20... Bh6 21. Bxh6 Kxh6 22. Bd1 Qc7 23. Rb1 Re7 24. Ra1 Rc8 25. Qa4 Kg7 26. Qc2 Nf8 27. Qd2 N8h7 28. Ra3 Qd8 29. Re3 Rcc7 30. Re1 Re8 31. Ba4 Rf8 32. Nd1 Ng8 (32... h4 $11) 33. f4 $16 exf4 34. Qxf4 Re7 35. Bc2 Re5 (35... Rfe8 $11 {keeps the balance.}) 36. Rf1 (36. Nf2 $1 $16) 36... Qg5 37. Qf2 Ngf6 $2 (37... Qe7 $11 {and Black has nothing to worry.}) 38. Rg3 $18 Qh6 {[#]} 39. Rb3 (39. Rf3 $1 $16 {[%cal Rf3f6]} Nd7 40. Rb3 (40. Rxf7+ Kg8 $16)) 39... Re7 {[#]} (39... Nxe4 $14 40. Bxe4 Rxe4) 40. Rb6 ({Better is} 40. e5 $1 {[%cal Re5f6][%mdl 512]} dxe5 41. Qxc5) 40... Ne8 $2 (40... Qg5 $16) 41. b4 {White is clearly better.} cxb4 42. c5 ({Don't do} 42. Rxb4 $6 Qg5 $16) 42... dxc5 43. Qxc5 {Accuracy: White = 25%, Black = 28%.} 1/2-1/2

[Event "HUN-chT 2018-19"]
[Site "Szombathely"]
[Date "2018.11.18"]
[Round "2"]
[White "Hujbert, Florian"]
[Black "Csonka, Balazs"]
[Result "1/2-1/2"]
[WhiteElo "2425"]
[BlackElo "2456"]
[Annotator "TA"]
[PlyCount "34"]
[EventDate "2018.11.16"]
[EventType "team-tourn"]
[EventCountry "HUN"]
[SourceTitle "playchess.com"]
[Source "ChessBase"]
[SourceQuality "1"]

{[%evp 15,16,9,6]} 1. d4 d5 2. c4 e6 3. Nf3 Nf6 4. e3 b6 5. b3 Bb7 6. Bd3 Nbd7 7. O-O Bd6 8. Bb2 O-O {LiveBook: 338 Games. E14: Queen's Indian: Classical Variation (4 e3)} {Predecessor:} 9. Nbd2 $146 Ne4 10. cxd5 exd5 11. Ne5 Qe7 12. f4 Nxd2 13. Qxd2 Nf6 14. Qe2 Ne4 15. Bxe4 dxe4 16. f5 Qg5 17. Rf4 f6 {1-0 (26) Malakhov,V (2691)-Predojevic,B (2614) Mali Losinj 2017} 1/2-1/2

[Event "HUN-chT 2018-19"]
[Site "Szombathely"]
[Date "2018.11.18"]
[Round "2"]
[White "Izsak, Gyula"]
[Black "Polak, Tomas"]
[Result "1/2-1/2"]
[WhiteElo "2425"]
[BlackElo "2504"]
[Annotator "TA"]
[PlyCount "42"]
[EventDate "2018.11.16"]
[EventType "team-tourn"]
[EventCountry "HUN"]
[SourceTitle "playchess.com"]
[Source "ChessBase"]
[SourceQuality "1"]

{[%evp 11,42,24,16,19,8,-9,0,-24,0,-21,0,-10,0,0,0,0,0,0,0,-70,-24,-26,-29,-38,-33,-37,-28,-30,0,0,0,-2,0]} 1. d4 Nf6 2. Nf3 e6 3. c4 b6 4. g3 Ba6 5. Qc2 c5 6. Bg2 Nc6 7. dxc5 {E15: Queen's Indian: 4 g3 sidelines, 4 g3 Ba6 and 4 g3 Bb7 early deviations} Bxc5 (7... bxc5 8. O-O Be7 9. e4 Rc8 10. e5 Ng4 11. Qe4 f5 12. exf6 Nxf6 13. Qe2 O-O 14. Nbd2 Bb7 15. b3 a5 {0-1 (48) Dubov,D (2654)-Jakovenko,D (2759) Chita 2015}) 8. Qa4 Bb7 9. O-O O-O 10. Nc3 h6 11. Rd1 Qe7 12. a3 a5 13. Qc2 $146 ({Predecessor:} 13. Qb3 Rfd8 14. Na4 Ba6 15. Qc2 e5 16. e3 {1-0 (43) Groszpeter,A (2490)-Farago,I (2525) Budapest 1984}) 13... Rac8 14. Bd2 Ba6 15. Ne4 ({Better is} 15. Qa4 $11) 15... Nxe4 16. Qxe4 f5 17. Qc2 $1 Nd4 $1 {[%cal Rd4c2]} 18. Nxd4 Bxd4 19. e3 Bf6 20. Bf1 $1 Bb7 21. Bc3 Bf3 {Accuracy: White = 82%, Black = 50%.} 1/2-1/2

[Event "HUN-chT 2018-19"]
[Site "Szombathely"]
[Date "2018.11.18"]
[Round "2"]
[White "Balazs, Gabor"]
[Black "Balint, Vilmos"]
[Result "1/2-1/2"]
[WhiteElo "2401"]
[BlackElo "2299"]
[Annotator "NA"]
[PlyCount "80"]
[EventDate "2018.11.16"]
[EventType "team-tourn"]
[EventCountry "HUN"]
[SourceTitle "playchess.com"]
[Source "ChessBase"]
[SourceQuality "1"]

1. d4 Nf6 2. Nf3 e6 3. Bg5 d5 4. c3 Be7 5. Nbd2 O-O 6. e3 Nbd7 7. Bd3 c5 8. O-O b6 9. Ne5 Bb7 10. f4 Ne4 11. Bxe7 Qxe7 12. Nxe4 {D03: 1 d4 d5 2 Nf3 Nf6 3 Bg5, including Torre Attack with early ...d5} (12. Bxe4 dxe4 13. Nxd7 Qxd7 14. dxc5 bxc5 15. Qc2 Rab8 16. b3 Qc6 17. Nc4 Ba6 18. Ne5 Qc8 19. c4 f6 20. Ng4 e5 {½-½ (41) Ponomarev,D (2409)-Levin,E (2515) Voronezh 2015}) 12... dxe4 13. Nxd7 Qxd7 14. Be2 cxd4 15. Qxd4 Qe7 16. Rad1 Rfd8 17. Qa4 $146 ({Predecessor:} 17. Qe5 f6 18. Qb5 g6 19. Bc4 Kg7 {0-1 (45) Kjolberg,J (1947)-Langmyhr,T Oslo 2009}) 17... Qc5 18. Rd4 Rxd4 19. Qxd4 Qxd4 $14 20. exd4 Rc8 21. Kf2 Bd5 22. Ke3 f5 23. Ba6 Rc7 24. c4 Bb7 25. Bxb7 Rxb7 26. a4 Kf7 27. b4 Ke7 28. Rc1 a6 29. g4 g6 30. gxf5 gxf5 31. Rg1 Kd6 32. Rc1 Rc7 33. b5 axb5 34. axb5 Ra7 35. c5+ Kc7 36. Rg1 Ra3+ 37. Ke2 Ra2+ 38. Ke3 Ra3+ 39. Ke2 Ra2+ 40. Ke3 Ra3+ {Kxe4} 1/2-1/2

[Event "HUN-chT 2018-19"]
[Site "Szombathely"]
[Date "2018.11.18"]
[Round "2"]
[White "Szalai, Kornel"]
[Black "Gara, Anita"]
[Result "0-1"]
[WhiteElo "2397"]
[BlackElo "2370"]
[Annotator "NA"]
[PlyCount "72"]
[EventDate "2018.11.16"]
[EventType "team-tourn"]
[EventCountry "HUN"]
[SourceTitle "playchess.com"]
[Source "ChessBase"]
[SourceQuality "1"]

1. Nf3 Nf6 2. c4 g6 3. Nc3 Bg7 4. d4 O-O 5. Bg5 d6 6. e3 h6 7. Bh4 c5 8. Be2 g5 9. Bg3 Nh5 10. d5 {E61: King's Indian: Early deviations for White, including Smyslov System} Qa5 (10... f5 11. Qc2 Qe8 12. Rd1 a6 13. Nd2 Nd7 14. O-O Ndf6 15. Rfe1 Qf7 16. Nf1 Bd7 17. f4 Ng4 18. Bxg4 fxg4 19. fxg5 hxg5 {0-1 (34) Tomashevsky,E (2733)-Ding,L (2680) St Petersburg 2012}) 11. Nd2 $146 ({Predecessor:} 11. Qc2 Bxc3+ 12. bxc3 Bf5 13. Qc1 Nd7 14. Nd2 Nxg3 15. hxg3 Nf6 16. f4 Kg7 17. e4 Nxe4 18. Nxe4 Bxe4 19. fxg5 {1-0 (43) Fernandez,D (2398)-Sarkar,J (2451) Arlington 2013}) 11... Nxg3 12. hxg3 f5 13. Rc1 Nd7 14. f4 Nf6 15. Bf3 a6 16. Qc2 b5 17. b3 Bd7 18. Kf2 Rae8 19. Bh5 Rb8 20. Bg6 $19 (20. fxg5 $11 {and White stays safe.} hxg5 21. Kg1) 20... Ng4+ 21. Ke2 bxc4 22. fxg5 cxb3 23. axb3 Qxc3 24. Qxc3 Bxc3 25. Rxc3 Bb5+ 26. Ke1 hxg5 27. e4 fxe4 28. Bxe4 Nf6 29. Rh6 Nxe4 30. Nxe4 Rf1+ 31. Kd2 Rg1 32. Rf3 Rxg2+ 33. Kc3 Rf8 34. Re3 Rf1 35. Nd2 Rc1+ 36. Kb2 Rd1 0-1

[Event "HUN-chT 2018-19"]
[Site "Szombathely"]
[Date "2018.11.18"]
[Round "2"]
[White "Csizmadia, Laszlo"]
[Black "Lenic, Luka"]
[Result "0-1"]
[WhiteElo "2382"]
[BlackElo "2657"]
[Annotator "TA"]
[PlyCount "62"]
[EventDate "2018.11.16"]
[EventType "team-tourn"]
[EventCountry "HUN"]
[SourceTitle "playchess.com"]
[Source "ChessBase"]
[SourceQuality "1"]

{[%evp 22,62,-33,-90,-52,-81,-65,-79,-88,-78,-50,-37,-33,-48,-43,-128,-135,-117,-118,-133,-134,-182,-176,-190,-184,-179,-170,-393,-402,-664,-477,-689,-669,-680,-672,-29977,-29978,-5551,-2155,-1696,-5097,-1154,-1149]} 1. d4 d5 2. c4 e6 3. Nc3 c6 4. Nf3 Nf6 5. Bg5 h6 6. Bh4 dxc4 7. a4 Bb4 8. e3 b5 9. Be2 Bb7 {D43: Semi-Slav: 5 Bg5 h6} 10. O-O a6 11. Qc2 Nbd7 12. e4 {LiveBook: 7 Games} (12. Ne5 $15) (12. Ne5 Be7 13. f4 O-O {½-½ (84) Adly,A (2619)-Nihal,S (2485) Abu Dhabi 2017}) 12... g5 13. Bg3 Nh5 14. d5 $146 ({Predecessor:} 14. b3 Nxg3 15. hxg3 Nf6 16. bxc4 g4 17. Nh2 Qxd4 18. Na2 Bd6 19. Rad1 Qxe4 {0-1 (36) Tovmasian,V (2420)-Grinev,V (2404) Kiev 2012}) 14... Nxg3 15. hxg3 cxd5 (15... Qb6 {looks sharper.} 16. Rad1 O-O-O 17. dxc6 Bxc6 18. axb5 axb5 19. b3 Bxc3 20. Qxc3 Nc5) 16. exd5 exd5 17. axb5 axb5 {Strongly threatening ...Rxa1.} 18. Nxb5 (18. Rxa8 $1 $15 Bxa8 19. Rd1) 18... Rxa1 $17 19. Rxa1 Qb6 $36 {[%mdl 2048] Keeping White busy.} 20. b3 Bc5 {[%cal Bb4c5,Bc5f2,Bf2g3][%mdl 32]} 21. bxc4 Bxf2+ 22. Kh1 O-O ({Resist} 22... Bxg3 23. Rb1 $17) 23. cxd5 Nf6 {[%cal Bd7f6,Bf6e4,Be4c3][%mdl 32]} ({Much less strong is} 23... Bxg3 24. Nbd4 $17) 24. Ra4 $2 {[#]} (24. Bc4 {is a better defense.}) 24... Bxd5 $19 25. Qf5 (25. g4 $142) 25... Re8 26. Nfd4 (26. Nc3 $142 Bb7 27. Qb5) 26... Bxg3 27. Nc3 Bb7 {Threatens to win with ...Re3.} 28. Qh3 Ne4 29. Qd7 Bc6 (29... Nf2+ $142 30. Kg1 {[#]} Rxe2 $1 {[%mdl 512]} 31. Ra8+ Kg7) 30. Qxc6 Qxc6 31. Nxc6 Nxc3 {Accuracy: White = 43%, Black = 93%.} 0-1

[Event "HUN-chT 2018-19"]
[Site "Szombathely"]
[Date "2018.11.18"]
[Round "2"]
[White "Fogarasi, Tibor"]
[Black "Horvath, Zsolt"]
[Result "0-1"]
[WhiteElo "2382"]
[BlackElo "2370"]
[Annotator "ChessBase"]
[PlyCount "122"]
[EventDate "2018.11.16"]
[EventType "team-tourn"]
[EventCountry "HUN"]
[SourceTitle "playchess.com"]
[Source "ChessBase"]
[SourceQuality "1"]

1. e4 d6 2. d4 Nf6 3. Nc3 e5 4. Nf3 exd4 5. Nxd4 Be7 6. Be2 O-O 7. Bf4 Re8 8. Qd2 Bf8 9. f3 c6 10. O-O-O d5 11. exd5 Nxd5 12. Nxd5 Qxd5 13. Kb1 Nd7 14. Rhe1 Nb6 15. Bd3 Bd7 16. Be4 Qc4 17. Bd3 Qa4 18. c3 c5 19. Bc2 Qa6 20. Nf5 Be6 21. b3 Nd5 22. Be5 Rad8 23. a4 c4 24. b4 Bxf5 25. Bxf5 Rxe5 26. Rxe5 Nxc3+ 27. Qxc3 Rxd1+ 28. Kb2 Qxa4 29. Ra5 Qxb4+ 30. Qxb4 Bxb4 31. Rxa7 g6 32. Bc2 Rd7 33. Ra4 Bd6 34. Rxc4 Bxh2 35. g4 Be5+ 36. Kb3 Bd4 37. Be4 Kg7 38. Rc2 Be5 39. Rc5 Bd4 40. Rc8 b6 41. Kc4 Bc5 42. Rb8 Rd4+ 43. Kc3 h6 44. Rb7 h5 45. gxh5 gxh5 46. Ra7 b5 47. Ra2 b4+ 48. Kb3 Bd6 49. Ra5 h4 50. Rh5 Be7 51. Rh7+ Kg8 52. Rh5 Rd2 53. Re5 h3 54. Rh5 h2 55. f4 Bd6 56. f5 Kg7 57. Rh3 Kf6 58. Rh7 Ke5 59. Bc6 f6 60. Rh5 Rd3+ 61. Kb2 Kd4 0-1

[Event "HUN-chT 2018-19"]
[Site "Szombathely"]
[Date "2018.11.18"]
[Round "2"]
[White "Popovics, Adam"]
[Black "Kaczur, Florian"]
[Result "0-1"]
[WhiteElo "2380"]
[BlackElo "2473"]
[Annotator "TA"]
[PlyCount "86"]
[EventDate "2018.11.16"]
[EventType "team-tourn"]
[EventCountry "HUN"]
[SourceTitle "playchess.com"]
[Source "ChessBase"]
[SourceQuality "1"]

{[%evp 15,86,5,13,5,31,18,15,19,29,29,81,88,99,85,83,66,53,35,66,55,57,48,52,29,91,70,70,48,68,52,64,13,73,0,65,54,54,0,0,0,-3,-52,0,0,0,0,0,0,0,0,0,0,0,-18,0,-278,-273,-268,-271,-280,-294,-274,-280,-281,-275,-245,-243,-241,-227,-203,-193,-4886,-2451]} 1. d4 Nf6 2. c4 e6 3. Nc3 Bb4 4. Qc2 O-O 5. Nf3 c5 6. dxc5 Na6 7. g3 Nxc5 8. Bg2 b6 9. O-O {E39: Nimzo-Indian: Classical: 4...c5 5 dxc5 0-0} Bb7 10. Nb5 Be4 11. Qd1 {aiming for a3.The position is equal.} Nb7 12. a3 {[%cal Ba2a3,Ba3b4][%mdl 32]} (12. Bf4 a6 13. Nd6 Nxd6 14. Bxd6 Bxd6 15. Qxd6 Qc8 16. Rac1 Qb7 {0-1 (41) Lenic,L (2656)-Iturrizaga Bonelli,E (2636) chess.com INT 2018}) 12... a6 (12... Be7 $11) 13. axb4 $16 axb5 14. Rxa8 Qxa8 15. Bg5 bxc4 16. Qd4 d5 $146 ({Predecessor:} 16... Nd8 17. Bxf6 gxf6 18. Qxf6 {1-0 (46) Dvirnyy,D (2541)-Stromboli,E (2306) Gallipoli 2017}) 17. Bxf6 gxf6 18. Qxf6 Qd8 19. Qh6 Qe7 (19... Nd6 $11) 20. Nd4 Bg6 $1 21. h4 Qf6 22. Rd1 {Strongly threatening h5.} Qg7 $1 {[%cal Rg7h6]} 23. Qe3 (23. Qg5 $14) 23... Qf6 (23... Nd6 $11 {keeps the balance.}) 24. Qh6 {Hoping for h5.} Qg7 $1 {[%cal Rg7h6]} 25. Qg5 Nd6 26. g4 (26. h5 $1 $14 h6 27. Qf4) 26... Re8 $11 27. h5 h6 $36 {[%mdl 2048] Black has the initiative.} 28. Qh4 {[#]} (28. Nxe6 $5 Qxb2 29. Qxh6 Rxe6 30. hxg6 Rxg6 {[%mdl 64] Double Attack} 31. Qf4 $15) 28... Bh7 ({Black should play} 28... Bd3 $1 $15 {[%mdl 512]} 29. Nxe6 (29. exd3 Qxd4) 29... Qxb2 30. exd3 Qe2) 29. Qg3 Ne4 30. Bxe4 $1 Bxe4 31. f3 Bh7 32. Qd6 Qg5 {Threatens to win with ...e5.} 33. Kf2 ({Don't blunder} 33. Qxb6 $2 Qe3+ 34. Kh1 e5 $19) 33... e5 34. Qc6 Rd8 35. Nf5 $2 {[%mdl 8192]} (35. Nb5 $11 {and White stays safe.} d4 36. Qc7) 35... Bxf5 $19 36. gxf5 {[%mdl 4096] Endgame And now Rg1 would win. KQR-KQR} Qh4+ 37. Ke3 {[#]} d4+ $1 38. Kd2 Qg5+ 39. Kc2 Qxf5+ 40. Kc1 Kh7 41. Rg1 d3 42. exd3 cxd3 {( -> ...d2+)} 43. Kd2 $2 (43. Qe4 Qxe4 44. fxe4) 43... Qf4+ {[%mdl 64] Double Attack. Accuracy: White = 59%, Black = 69%.} 0-1

[Event "HUN-chT 2018-19"]
[Site "Szombathely"]
[Date "2018.11.18"]
[Round "2"]
[White "Nagy, Bence"]
[Black "Krizsany, Laszlo"]
[Result "1/2-1/2"]
[WhiteElo "2378"]
[BlackElo "2416"]
[Annotator "TA"]
[PlyCount "18"]
[EventDate "2018.11.16"]
[EventType "team-tourn"]
[EventCountry "HUN"]
[SourceTitle "playchess.com"]
[Source "ChessBase"]
[SourceQuality "1"]

{[%evp 12,18,47,13,20,0,8,7,101]} 1. e4 b6 2. d4 Bb7 3. Bd3 e6 4. Nf3 Nf6 5. Qe2 d5 6. exd5 {B00: Queen's Fianchetto Defence, Nimzowitsch Defence} (6. e5 Ne4 7. Nbd2 Nxd2 8. Bxd2 c5 9. c3 Nc6 10. a3 Be7 11. b4 Rc8 12. O-O O-O 13. Rfe1 Qd7 14. h4 cxd4 15. cxd4 {½-½ (47) Grischuk,A (2766)-Nepomniachtchi,I (2757) chess.com INT 2018}) 6... Qxd5 7. O-O {LiveBook: 3 Games} Qh5 {The position is equal.} 8. Ne5 $146 ({Predecessor:} 8. Nbd2 c5 9. dxc5 Bxc5 10. Ne4 Nbd7 11. h3 Be7 12. Ng3 Qc5 {½-½ (156) Kozak,A (2361)-Boros,D (2441) Budapest 2017}) 8... Qxe2 9. Bxe2 Bc8 (9... Be7 $11 {remains equal.}) 1/2-1/2

[Event "HUN-chT 2018-19"]
[Site "Szombathely"]
[Date "2018.11.18"]
[Round "2"]
[White "Szeberenyi, Adam"]
[Black "Juhasz, Barbara"]
[Result "1-0"]
[WhiteElo "2377"]
[BlackElo "2214"]
[Annotator "NA"]
[PlyCount "57"]
[EventDate "2018.11.16"]
[EventType "team-tourn"]
[EventCountry "HUN"]
[SourceTitle "playchess.com"]
[Source "ChessBase"]
[SourceQuality "1"]

1. d4 Nf6 2. c4 g6 3. Nc3 Bg7 4. e4 d6 5. Be2 O-O 6. Bg5 c5 7. d5 e6 8. Qd2 exd5 9. cxd5 Qa5 10. Nf3 Bg4 11. O-O Nbd7 12. a4 a6 13. h3 Bxf3 14. Bxf3 c4 15. Be2 Rac8 $14 (15... Nc5 $11) 16. Qf4 Qc5 17. a5 b5 18. axb6 Qxb6 19. Rfb1 Rfe8 20. Ra4 h6 21. Bxh6 Bxh6 22. Qxh6 Nxe4 23. Nxe4 Rxe4 24. Bg4 Rc7 25. Rba1 Nc5 26. R4a3 Qxb2 27. Qg5 Rce7 28. Be6 Qb7 29. Qxg6+ 1-0

[Event "HUN-chT 2018-19"]
[Site "Szombathely"]
[Date "2018.11.18"]
[Round "2"]
[White "Tatar Kis, Szabolcs"]
[Black "Bakos, Balazs"]
[Result "1-0"]
[WhiteElo "2372"]
[BlackElo "2419"]
[Annotator "TA"]
[PlyCount "47"]
[EventDate "2018.11.16"]
[EventType "team-tourn"]
[EventCountry "HUN"]
[SourceTitle "playchess.com"]
[Source "ChessBase"]
[SourceQuality "1"]

{[%evp 23,47,16,9,-14,54,33,93,71,143,147,242,238,210,202,211,154,144,141,313,145,640,345,435,284,268,-22]} 1. e4 c6 2. d4 d5 3. exd5 cxd5 4. c4 Nf6 5. Nc3 e6 6. Nf3 Bb4 7. Bd3 O-O 8. O-O Nc6 9. Re1 dxc4 10. Bxc4 b6 11. a3 Be7 12. Qd3 Bb7 {LiveBook: 27 Games. E57: Nimzo-Indian: Rubinstein: Main Line: 7...Nc6 8 a3 dxc4 9 Bxc4 cxd4} 13. Bb3 (13. Ba2 Re8 14. Bf4 Rc8 15. Rad1 a6 16. d5 exd5 17. Nxd5 Nxd5 18. Bxd5 {1-0 (17) Vaganian,R (2577)-Legky,N (2446) Yerevan 2016}) 13... Qd6 $146 (13... Na5 $11 14. Bc2 Bxf3 15. gxf3 Qc7) ({Predecessor:} 13... Rc8 14. Bc2 g6 15. Bb3 Re8 16. h4 a6 17. Bg5 b5 18. Rad1 {0-1 (45) Martinez Martin,D (2407)-Alarcia Astiz,C (2337) Madrid 2015}) 14. Bg5 $14 Rfd8 (14... h6 $14 15. Bh4 (15. Bxf6 Bxf6 16. Ne4 Qf4 $11) 15... Rfd8) 15. Rad1 $16 {Strongly threatening d5.} Ng4 (15... Nd5 $142) 16. Ne4 Qc7 (16... Qb8 $16 {was worth a try.}) 17. Bxe7 $1 $18 Nxe7 {[#]} 18. Neg5 $1 Nf5 {[#]} 19. Rxe6 $1 {[%mdl 512]} Bxf3 (19... fxe6 20. Qxf5) 20. Qxf3 $40 {[%mdl 128] White wants a kill.} ({Not} 20. Nxf3 Nxd4 21. Nxd4 Qxh2+ 22. Kf1 Qh1+ 23. Ke2 Qxg2 $15) 20... Qxh2+ 21. Kf1 g6 $2 {[%mdl 8192]} (21... Nfh6 $16) 22. Re4 Nf6 23. Nxf7 Rf8 {[#]} 24. Ke1 $2 {[%mdl 32768] Accuracy: White = 63%, Black = 39%. . Sensor Board Error (Ke4/e5)?} ({White should try} 24. Re7 $1 $18 {[%mdl 512]}) 1-0

[Event "HUN-chT 2018-19"]
[Site "Szombathely"]
[Date "2018.11.18"]
[Round "2"]
[White "Tompa, Janos"]
[Black "Lazarne Vajda, Szidonia"]
[Result "1/2-1/2"]
[WhiteElo "2366"]
[BlackElo "2358"]
[Annotator "NA"]
[PlyCount "33"]
[EventDate "2018.11.16"]
[EventType "team-tourn"]
[EventCountry "HUN"]
[SourceTitle "playchess.com"]
[Source "ChessBase"]
[SourceQuality "1"]

1. e4 e5 2. Nf3 Nc6 3. Bb5 Nf6 4. O-O Nxe4 5. d4 Nd6 6. Bxc6 dxc6 7. Bg5 Be7 8. Bxe7 Qxe7 9. dxe5 Nf5 10. Re1 Be6 11. Nc3 O-O 12. Qe2 Rad8 13. Qe4 Rd7 14. Rad1 Rfd8 15. Rxd7 Rxd7 16. a3 h6 17. Rd1 1/2-1/2